Quizzes
Events
Quiz Creation
Community
Videos
Private Events
Remove Ads
Sign In
Join for FREE
Feedback
Dark Mode
Quiz Categories
Sports
Geography
Music
Movies
Television
Just For Fun
Miscellaneous
History
Literature
Language
Science
Gaming
Entertainment
Religion
Holiday
For Kids
Quiz Lab
Recent
Popular Today
Quiz Kudos Today
Editor Picks
Curator Picks
Quizzes by...
Day
Popularity
Type
Ratings
Length
Year
Community
Subscriptions
Recent Discussions
Orange Saloon
Badges
Playlists
Quests
Create
Leaderboards
Showdown
Live 5
Trivia Bingo
Activity
Puzzle Library
Sporcle Events
Private Events
Virtual Trivia
Globe League
Become a Host
Pub Owners
SporcleCon
Opinionation
Our Games
Videos
Blog
Mobile Apps
Partnerships
Remove Ads and Go Orange
Feedback
Just For Fun
Clickable
Get the Picture
Humor
Quick Pick
Word Ladder
Missing Word
Mixed Word
Blitz
Minefield
This or That
Alphabet
Color
Typing
Sporcle
Puzzle
Word Play
Follow That Line
Logic
Just For Fun
Clickable
Get the Picture
Humor
Quick Pick
Word Ladder
Missing Word
Mixed Word
Blitz
Minefield
This or That
Alphabet
Color
Typing
Sporcle
Puzzle
Word Play
Follow That Line
Logic
Random Quiz
Search Sporcle
×
Featured
Featured
Just For Fun
Clickable
Select answers by clicking on text or image buttons
Select answers by clicking on text or image buttons
Clickable
Best Score? Go Orange.
Quick Pick: 'Weird Al' Parodies Stats
When given the name of a 'Weird Al' Yankovic parody, can you quickly pick the artist of the original song?
By
El_Dandy
90s
14 Questions
4,704 Plays
4,704 Plays
4,704 Plays
Comments
Comments
Give Quiz Kudos
Give Quiz Kudos
-
- Ratings
hide this ad
Forced Order
Answers have to be entered in order
Answers have to be entered in order
Replay
Link that replays current quiz
Next Quiz
Link to next quiz in quiz playlist
You Got
0%
They Got
Avg Score
64%
Avg Friend Score
Upgrade to see
Score Distribution
Jump to the score distribution portion of the page
Score
0/14
Timer
01:30
0
Plays Today
% Correct
Michael Jackson
94.1%
Queen
91.3%
Miley Cyrus
76.9%
Lady Gaga
74.3%
Tiffany
71.8%
Robert Palmer
71.5%
The Offspring
64.1%
% Correct
Toni Basil
59.8%
James Brown
54.2%
Chamillionaire
52.4%
Pharrell Williams
52%
Puff Daddy
51.6%
The Greg Kihn Band
50.3%
Iggy Azalea
43.9%
Quiz Playlist
Details
Report
Send in Message
Add To Playlist
Clickable:
Select answers by clicking on text or image buttons
Forced Order:
Answers have to be entered in order
Last Updated: Oct 9, 2018
Featured
Previous Quick Pick
Next Quick Pick
Play Today's Daily Dose
Quiz Scoreboard
CHALLENGE
Sign Up to Join the Scoreboard
Show All
Scores
Hide
Comments
May contain spoilers
Recently Published
An Introduction to Baseball
by treessimontrees
Sports
5m
Movies - When Are They Set?
by FPL_Elf
Movies
5m
Popular People in 1961
by mucciniale
History
6m
More to Explore
Quiz From the Vault
Featured Blog Post
Where Did the Easter Bunny Come From?
hide this ad
You Might Also Like...
Tags
Clickable Quiz
Quick Pick Quiz
Singers Quiz
Song Quiz
Parody
Song Title
Weird Al Yankovic
Today's Top Quizzes in Just For Fun
Browse Just For Fun
hide this ad
Today's Top Quizzes in Clickable
Browse Clickable
Top Contributed Quizzes in Just For Fun
1
Crossword Whiteout! 49
2
Harry Potter Logic - 'In Chains' II
3
Survivor Winners Logic Puzzle
4
Zeroing In: Just For Fun
5
Thermometer Puzzle 25
6
Word Ladder: Ahoy Matey
7
1-30 Clickable Mines
8
Aquarium Logic Puzzle 17
9
Big Thermometer Puzzle 21
10
Edinburgh Fringe jokes 2015
Explore More
Trending Topics
Harry Potter
Disney
Anime
NBA
Marvel
Crossword
Kpop
NFL
Country
Pokémon
Song
Soccer
WWE
Puzzle
The Office
hide this ad
More By:
El_Dandy
Quiz
Plays
Rating
Category
Featured
Created
MCU Movie Images (Minefield)
446,905
4.62
Movies
Jul 8, 2019
Click the US Presidents by Picture (Minefield)
316,760
4.67
History
Jun 1, 2020
Pixar Movie Images (Minefield)
275,354
4.68
Movies
Nov 1, 2019
Disney Animated Movie Images (Minefield)
274,653
4.53
Movies
May 8, 2020
Last Six Unique European Football Champions
268,037
4.71
Sports
Oct 17, 2017
Go to Creator's Profile
Score Distribution
Quiz Creator Spotlight
El_Dandy
Follow
Send a Message
Quizzes Created
-
Created Quiz Play Count
-
More By This Creator
Popular Quizzes Today
1
Find the Countries of Europe - No Outlines Minefield
2
Find the US States - No Outlines Minefield
3
The Countries of the World
4
Popular People in 1961
5
US States
6
1-10 Letter E Words III
7
Find the US States
8
One Thing in Common: World Cities II
More Just For Fun Quizzes
Quick Pick: How Good in Movies?
Published
Trending Quizzes
Risky Map Clicking: Least Populous States A-Z
1-10 Letter F Words
1-10 Letter G Words
One Thing in Common: United Kingdom
Risky Map Clicking: Next State Alphabetically
Recently Updated
Leaping Animals
pecheneg
Reality TV Shows (A-Z)
bhenderson79
Rickey Henderson's Hall of Fame Teammates
pecheneg
Champions League XIs: Arsenal
pecheneg
Quick Pick: Celebrities in WWE's Hall of Fame
aduchscher
A-Z Keypad Blitz II
pecheneg
Multiple Oscar Actors
pecheneg
Mystery Phrase Blitz: Oscar 'Best Actors'
pecheneg
F. Scott Fitzgerald Novels
LTH
Pick 3 Villains
ddd62291
Trending Topics
Crossword
Kpop
Anime
NBA
Marvel
Disney
Harry Potter
Pokémon
The Office
WWE
Country
Soccer
Song
NFL
Puzzle
Your Account Isn't Verified!
In order to create a playlist on Sporcle, you need to verify the email address you used during registration. Go to your
Sporcle Settings
to finish the process.
Report this User
Report this user for behavior that violates our
Community Guidelines
.
Details:
Send Report
Go to the Sporcle.com Mobile Site →
Comments